[Event "Tuimazy-ch"]
[Site "Tuimazy"]
[Date "2018.02.11"]
[Round "10"]
[White "Petrov, Danil"]
[Black "Lugancev, Viktor"]
[Result "1/2-1/2"]
[WhiteElo "1793"]
[BlackElo "1717"]
[PlyCount "88"]
[EventDate "2018.01.28"]
[EventType "tourn"]
[EventRounds "11"]
[EventCountry "RUS"]
[SourceTitle "EXT 2019"]
[Source "ChessBase"]
[SourceDate "2018.10.10"]
[SourceVersion "1"]
[SourceVersionDate "2018.10.10"]
[SourceQuality "1"]

1. e4 e5 2. Nf3 Nc6 3. Bb5 a6 4. Ba4 Nf6 5. 0-0 Be7 6. d3 d6 7. c3 Bg4 8. Nbd2 b5 9. Bc2 0-0 10. Re1 Qd7 11. Nf1 Ne8 12. Ne3 Bh5 13. Nf5 Bf6 14. h3 Ne7 15. Ng3 Bg6 16. d4 Rd8 17. Be3 Qc8 18. Qe2 c5 19. dxc5 dxc5 20. Red1 Nd6 21. a4 Qc6 22. Bg5 Bxg5 23. Nxg5 h6 24. Nf3 f6 25. Nh4 Bf7 26. Nhf5 Nexf5 27. Nxf5 Nxf5 28. exf5 Bd5 29. f3 Bc4 30. Qe1 Qc7 31. axb5 axb5 32. Qe4 Rxd1+ 33. Rxd1 Rd8 34. b3 Rxd1+ 35. Bxd1 Bf7 36. c4 Qd7 37. Be2 bxc4 38. Bxc4 Qd4+ 39. Kf1 Bxc4+ 40. bxc4 Kf7 41. Qb7+ Ke8 42. Qc8+ Kf7 43. Qe6+ Kf8 44. Qc8+ Kf7 1/2-1/2

[Event "Tuimazy-ch"]
[Site "Tuimazy"]
[Date "2018.02.05"]
[Round "6"]
[White "Azhbiev, Usman"]
[Black "Petrov, Danil"]
[Result "0-1"]
[WhiteElo "1474"]
[BlackElo "1793"]
[PlyCount "110"]
[EventDate "2018.01.28"]
[EventType "tourn"]
[EventRounds "11"]
[EventCountry "RUS"]
[SourceTitle "EXT 2019"]
[Source "ChessBase"]
[SourceDate "2018.10.10"]
[SourceVersion "1"]
[SourceVersionDate "2018.10.10"]
[SourceQuality "1"]

1. e4 c5 2. c4 Nc6 3. Nf3 g6 4. a3 Bg7 5. Qc2 d6 6. h3 Nf6 7. Nc3 Bd7 8. d3 0-0 9. Be2 a6 10. 0-0 Rb8 11. Rb1 Nd4 12. Nxd4 cxd4 13. Na2 Rc8 14. Bf4 e5 15. Bg3 Be6 16. Qd1 Nd7 17. b4 b5 18. Rc1 Nb6 19. Qb3 Rc6 20. Rc2 Qc7 21. Rfc1 Bh6 22. Rf1 bxc4 23. dxc4 Bxc4 24. Bxc4 Rxc4 25. Rxc4 Qxc4 26. Qxc4 Nxc4 27. a4 Rb8 28. f3 Nb2 29. a5 Nd3 30. Rb1 Rb5 31. Kf1 f5 32. Be1 Kf7 33. g3 Nxe1 34. Kxe1 fxe4 35. fxe4 Ke6 36. Ke2 d5 37. Kd3 Kd6 38. Rf1 Ke6 39. h4 Rb7 40. exd5+ Kxd5 41. Rf6 e4+ 42. Kc2 Rc7+ 43. Kb3 Rc6 44. Rf7 e3 45. b5 Re6 46. b6 e2 47. Nb4+ Ke4 48. b7 Re8 49. Nc2 Kd3 50. Rf3+ Be3 51. Rf7 Kd2 52. Rc7 Rb8 53. Rd7 e1Q 54. Nxd4 Qb1+ 55. Kc4 Bxd4 0-1

[Event "Tuimazy-ch Men"]
[Site "Tuimazy"]
[Date "2017.02.09"]
[Round "11"]
[White "Makhmutov, Azamat"]
[Black "Petrov, Danil"]
[Result "1/2-1/2"]
[WhiteElo "1684"]
[BlackElo "1896"]
[PlyCount "88"]
[EventDate "2017.01.24"]
[EventType "tourn"]
[EventRounds "11"]
[EventCountry "RUS"]
[SourceTitle "EXT 2022"]
[Source "ChessBase"]
[SourceDate "2021.10.06"]
[SourceVersion "1"]
[SourceVersionDate "2021.10.06"]
[SourceQuality "1"]

1. d4 d5 2. c4 c6 3. e3 Nf6 4. Nc3 e6 5. Bd2 Bd6 6. c5 Bc7 7. Nf3 Nbd7 8. Be2 0-0 9. 0-0 e5 10. b4 Re8 11. Qb3 exd4 12. exd4 Ne4 13. Nxe4 Rxe4 14. Bd3 Re8 15. Rfe1 Nf8 16. Rxe8 Qxe8 17. a4 Bg4 18. Re1 Qd7 19. Be2 Re8 20. Be3 Ng6 21. b5 Bxf3 22. Bxf3 f5 23. h3 Nh4 24. Be2 f4 25. Bd2 Qf7 26. Bd3 Rxe1+ 27. Bxe1 f3 28. Bd2 Nxg2 29. bxc6 bxc6 30. Kf1 Qd7 31. Bxh7+ Kxh7 32. Qxf3 Nf4 33. Bxf4 Bxf4 34. Qxf4 Qxh3+ 35. Kg1 Qh6 36. Qd6 Qg6+ 37. Kh2 Qh5+ 38. Kg3 Qg5+ 39. Kf3 Qf5+ 40. Kg3 Qd3+ 41. f3 Qg6+ 42. Qxg6+ Kxg6 43. Kg4 Kf6 44. Kf4 g5+ 1/2-1/2

[Event "Tuimazy-ch Men"]
[Site "Tuimazy"]
[Date "2017.01.26"]
[Round "2"]
[White "Evstafyev, Georgy"]
[Black "Petrov, Danil"]
[Result "0-1"]
[WhiteElo "1452"]
[BlackElo "1896"]
[PlyCount "92"]
[EventDate "2017.01.24"]
[EventType "tourn"]
[EventRounds "11"]
[EventCountry "RUS"]
[SourceTitle "EXT 2022"]
[Source "ChessBase"]
[SourceDate "2021.10.06"]
[SourceVersion "1"]
[SourceVersionDate "2021.10.06"]
[SourceQuality "1"]

1. e4 c5 2. Nf3 e6 3. d4 cxd4 4. Nxd4 Nf6 5. Bd3 a6 6. 0-0 Qc7 7. c4 b6 8. b3 Bb7 9. Qe2 d6 10. Bb2 Nbd7 11. Nc3 Be7 12. Rfe1 0-0 13. Rad1 Rfd8 14. f4 Nf8 15. Kh1 Ne8 16. Qg4 Bf6 17. Nf3 Rac8 18. Nh4 b5 19. Rc1 b4 20. Nd1 Qa5 21. Bxf6 Nxf6 22. Qe2 Ng6 23. Nxg6 hxg6 24. Nf2 Nd7 25. Rc2 Nc5 26. Qd2 Qb6 27. Rec1 a5 28. Qe3 Qc6 29. Re1 Rd7 30. Bf1 Rcd8 31. g3 a4 32. Bg2 axb3 33. axb3 Ra8 34. Rb2 Ra3 35. Reb1 Na4 36. Rd2 Nc3 37. Rbb2 Ra1+ 38. Bf1 Rxf1+ 39. Kg2 Ra1 40. Rd4 Qa6 41. Qd2 f5 42. Kf3 Nxe4 43. Nxe4 Bxe4+ 44. Ke3 Qb6 45. Ke2 Rh1 46. Qc1 Rxc1 0-1

[Event "Tuimazy-ch Men"]
[Site "Tuimazy"]
[Date "2017.01.24"]
[Round "1"]
[White "Petrov, Danil"]
[Black "Farkhutdinov, Danil"]
[Result "1-0"]
[WhiteElo "1896"]
[BlackElo "1416"]
[PlyCount "93"]
[EventDate "2017.01.24"]
[EventType "tourn"]
[EventRounds "11"]
[EventCountry "RUS"]
[SourceTitle "EXT 2022"]
[Source "ChessBase"]
[SourceDate "2021.10.06"]
[SourceVersion "1"]
[SourceVersionDate "2021.10.06"]
[SourceQuality "1"]

1. e4 e6 2. d4 d5 3. Nc3 Bb4 4. e5 Ne7 5. a3 Ba5 6. Bd2 Nbc6 7. Nf3 Bxc3 8. bxc3 Ng6 9. Bd3 Qe7 10. Qe2 Nh4 11. 0-0 Nxf3+ 12. Qxf3 b6 13. Qe2 Na5 14. a4 c5 15. Qg4 g6 16. Bg5 Qc7 17. Bf6 Rg8 18. Rfb1 cxd4 19. cxd4 Nc4 20. Qf4 h5 21. Rb4 a5 22. Rb3 Ba6 23. Rab1 Rb8 24. Qc1 Kd7 25. Bg5 Rb7 26. h3 Rgb8 27. Qf4 Kc6 28. Bxc4 Bxc4 29. Rc3 Qd7 30. Qf3 Kc7 31. Bc1 b5 32. axb5 Rxb5 33. Rxb5 Rxb5 34. Ba3 Kb6 35. Bc5+ Ka6 36. Qf6 Qe8 37. Qf3 Qd7 38. Rxc4 Rb1+ 39. Kh2 a4 40. Rc3 Rb2 41. Bd6 Rb7 42. Rc5 Qe8 43. Qd3+ Rb5 44. Rc7 Kb6 45. Qc3 h4 46. Rc8 Qd7 47. Ra8 1-0

[Event "Tuimazy Cup Tuimazy-A op"]
[Site "Tuimazy"]
[Date "2016.09.24"]
[Round "5"]
[White "Petrov, Danil"]
[Black "Khailatypov, Ruzil"]
[Result "1-0"]
[WhiteElo "1866"]
[BlackElo "1781"]
[PlyCount "77"]
[EventDate "2016.09.17"]
[EventType "tourn"]
[EventRounds "7"]
[EventCountry "RUS"]
[SourceTitle "EXT 2022"]
[Source "ChessBase"]
[SourceDate "2021.10.06"]
[SourceVersion "1"]
[SourceVersionDate "2021.10.06"]
[SourceQuality "1"]

1. e4 c5 2. Nf3 Nc6 3. d4 cxd4 4. Nxd4 g6 5. Nc3 Bg7 6. Be3 Nf6 7. Be2 0-0 8. 0-0 d6 9. h3 a6 10. Kh1 Bd7 11. f4 Qc8 12. Kh2 h5 13. Qd2 Re8 14. Nf3 b5 15. a3 Rb8 16. Ng5 Nh7 17. Nxh7 Kxh7 18. Rf2 a5 19. Nxb5 Bxb2 20. Rb1 Bg7 21. c4 f5 22. exf5 Bxf5 23. Bd3 Rf8 24. Rbf1 Qd7 25. Bxf5 Qxf5 26. Qe2 Rh8 27. Qf3 Nd8 28. Nd4 Qf7 29. f5 Rf8 30. Qe4 Be5+ 31. Kh1 Rg8 32. Qd3 a4 33. Nb5 Qg7 34. Qe2 Rc8 35. Bg5 Rc5 36. fxg6+ Qxg6 37. Bxe7 Qg3 38. Qxh5+ Kg7 39. Rf7+ 1-0

[Event "Tuimazy Cup Tuimazy-A op"]
[Site "Tuimazy"]
[Date "2016.09.18"]
[Round "3"]
[White "Petrov, Danil"]
[Black "Tazetdinov, Munir"]
[Result "1-0"]
[WhiteElo "1866"]
[BlackElo "1824"]
[PlyCount "109"]
[EventDate "2016.09.17"]
[EventType "tourn"]
[EventRounds "7"]
[EventCountry "RUS"]
[SourceTitle "EXT 2022"]
[Source "ChessBase"]
[SourceDate "2021.10.06"]
[SourceVersion "1"]
[SourceVersionDate "2021.10.06"]
[SourceQuality "1"]

1. e4 c5 2. Nf3 d6 3. d4 cxd4 4. Nxd4 Nf6 5. Nc3 g6 6. Bc4 Bg7 7. f3 Nc6 8. Nde2 Bd7 9. Be3 Rc8 10. Bb3 0-0 11. Qd2 Ne5 12. 0-0-0 a6 13. h4 h5 14. Bg5 Rc5 15. Rdf1 b5 16. Kb1 a5 17. a4 bxa4 18. Bxa4 Nc4 19. Qd3 Qb6 20. b3 Na3+ 21. Ka2 Nxc2 22. Qxc2 Bxa4 23. bxa4 Rc4 24. Rb1 Qc7 25. Rhc1 Rc8 26. Bd2 d5 27. Qb3 Rb4 28. Nxd5 Rxb3 29. Rxc7 Rxc7 30. Nxc7 Rd3 31. Bxa5 e6 32. Nb5 Nd7 33. Bc3 e5 34. a5 Nc5 35. Bb4 Na6 36. Bc3 Bf6 37. Kb2 Bxh4 38. Kc2 Re3 39. Nc1 Be1 40. Bxe5 Bxa5 41. Bf4 Re1 42. Nc3 Rg1 43. Nd5 Rxg2+ 44. Kd3 Bd8 45. Bd6 h4 46. Ra1 Bg5 47. Ne2 h3 48. Rxa6 h2 49. Ra8+ Kh7 50. Be5 f6 51. Nxf6+ Bxf6 52. Bxf6 g5 53. Rh8+ Kg6 54. Be5 g4 55. Nf4+ 1-0

[Event "Tuimazy-ch U18"]
[Site "Tuimazy"]
[Date "2016.03.10"]
[Round "3"]
[White "Gabdrakhmanov, Kamil"]
[Black "Petrov, Danil"]
[Result "0-1"]
[WhiteElo "1356"]
[BlackElo "1853"]
[PlyCount "78"]
[EventDate "2016.03.09"]
[EventType "swiss"]
[EventRounds "9"]
[EventCountry "RUS"]
[SourceTitle "EXT 2022"]
[Source "ChessBase"]
[SourceDate "2021.10.06"]
[SourceVersion "1"]
[SourceVersionDate "2021.10.06"]
[SourceQuality "1"]

1. d4 d5 2. c4 c6 3. Nc3 Nf6 4. Nf3 e6 5. Bg5 Be7 6. e3 0-0 7. Bd3 Nbd7 8. 0-0 h6 9. Bxf6 Nxf6 10. c5 Qc7 11. b4 Bd7 12. Qc2 b6 13. Ne5 b5 14. f4 a5 15. a3 Ra7 16. Rf3 axb4 17. Na2 Rxa3 18. Rb1 b3 19. Rxb3 Rxb3 20. Qxb3 Ra8 21. g4 Ne8 22. g5 hxg5 23. fxg5 Bxg5 24. Nxf7 Bf6 25. Bg6 Kf8 26. Ne5 Ke7 27. Ng4 Ra4 28. Kg2 Qa5 29. Nc1 Qd2+ 30. Rf2 Qxc1 31. Qd3 Ra3 32. Qe2 Ra1 33. Rf1 Qxf1+ 34. Qxf1 Rxf1 35. Kxf1 Nc7 36. Ke2 e5 37. Nxe5 Bxe5 38. dxe5 Ke6 39. Bh5 Kxe5 0-1

[Event "Tuimazy-ch"]
[Site "Tuimazy"]
[Date "2016.01.30"]
[Round "6"]
[White "Petrov, Danil"]
[Black "Lugancev, Viktor"]
[Result "1-0"]
[WhiteElo "1807"]
[BlackElo "1773"]
[PlyCount "79"]
[EventDate "2016.01.19"]
[EventType "tourn"]
[EventRounds "13"]
[EventCountry "RUS"]
[SourceTitle "CBM 170 Extra"]
[Source "ChessBase"]
[SourceDate "2016.02.25"]
[SourceVersion "1"]
[SourceVersionDate "2016.02.25"]
[SourceQuality "1"]

1. e4 e5 2. Nf3 Nf6 3. Nc3 d6 4. Be2 Bg4 5. d3 Nc6 6. Be3 Qd7 7. Qd2 d5 8. exd5 Nxd5 9. h3 Be6 10. Ng5 f5 11. Nxe6 Qxe6 12. Nxd5 Qxd5 13. Bf3 Qe6 14. 0-0 0-0-0 15. Rfe1 h6 16. Bxc6 Qxc6 17. Qc3 Qxc3 18. bxc3 g5 19. Rab1 Bd6 20. c4 c5 21. Bd2 Rde8 22. Re2 Re6 23. Bc3 Rhe8 24. Rbe1 Kd7 25. f3 Be7 26. Rxe5 Bd6 27. Rxe6 Rxe6 28. Rxe6 Kxe6 29. Kf2 h5 30. Bb2 a6 31. g4 h4 32. Ke2 Bf4 33. Bg7 Bc1 34. Bc3 Bf4 35. Bd2 Ke5 36. Bxf4+ gxf4 37. gxf5 Kxf5 38. c3 Ke5 39. Kd2 b6 40. a4 1-0

[Event "Tuimazy-ch"]
[Site "Tuimazy"]
[Date "2016.01.19"]
[Round "1"]
[White "Petrov, Danil"]
[Black "Azhbiev, Usman"]
[Result "1-0"]
[WhiteElo "1807"]
[BlackElo "1468"]
[PlyCount "67"]
[EventDate "2016.01.19"]
[EventType "tourn"]
[EventRounds "13"]
[EventCountry "RUS"]
[SourceTitle "CBM 170 Extra"]
[Source "ChessBase"]
[SourceDate "2016.02.25"]
[SourceVersion "1"]
[SourceVersionDate "2016.02.25"]
[SourceQuality "1"]

1. e4 e5 2. Nf3 d6 3. Nc3 Be7 4. d4 exd4 5. Nxd4 Nf6 6. Bd3 a6 7. 0-0 0-0 8. Bd2 b5 9. a3 c5 10. Nf3 Nc6 11. Re1 Bg4 12. h3 Bh5 13. Bf4 Bxf3 14. Qxf3 Nd4 15. Qd1 Re8 16. Nd5 Ne6 17. Bh2 c4 18. Bf1 Nc5 19. Nxe7+ Qxe7 20. Bxd6 Qa7 21. e5 Nfe4 22. Qf3 Nxd6 23. exd6 Ne6 24. Rad1 Qd7 25. g3 Rab8 26. Rd5 Rb6 27. Red1 Rd8 28. h4 Qc6 29. Qf5 Qe8 30. Bh3 Rd7 31. Qe5 Kf8 32. h5 Nd8 33. Bxd7 Qxd7 34. Qe7+ 1-0

[Event "Tuimazy Bashkortostan Cup"]
[Site "Tuimazy"]
[Date "2015.09.25"]
[Round "10"]
[White "Gafarov, Damir"]
[Black "Petrov, Danil"]
[Result "1-0"]
[WhiteElo "1622"]
[BlackElo "1812"]
[PlyCount "47"]
[EventDate "2015.09.12"]
[EventType "tourn"]
[EventRounds "11"]
[EventCountry "RUS"]
[SourceTitle "EXT 2016"]
[Source "ChessBase"]
[SourceDate "2015.10.08"]
[SourceVersion "1"]
[SourceVersionDate "2015.10.08"]
[SourceQuality "1"]

1. e4 c5 2. d4 cxd4 3. c3 dxc3 4. Nxc3 d6 5. Bc4 Nf6 6. e5 Ng8 7. Nf3 e6 8. 0-0 Be7 9. Qe2 d5 10. Rd1 Bb4 11. Bg5 Ne7 12. Bxd5 exd5 13. Nxd5 Qa5 14. a3 Nxd5 15. axb4 Qxb4 16. Rxd5 0-0 17. h3 a6 18. Qc2 Nc6 19. Ra4 Qb6 20. Rh4 g6 21. Bf6 Nb4 22. Qd2 Nxd5 23. Qh6 Nxf6 24. exf6 1-0

[Event "Tuimazy RB-ch 00/01"]
[Site "Tuimazy"]
[Date "2015.08.18"]
[Round "2"]
[White "Bozhko, Artem"]
[Black "Petrov, Danil"]
[Result "1-0"]
[WhiteElo "1546"]
[BlackElo "1812"]
[PlyCount "141"]
[EventDate "2015.08.18"]
[EventType "tourn"]
[EventRounds "9"]
[EventCountry "RUS"]
[SourceTitle "EXT 2022"]
[Source "ChessBase"]
[SourceDate "2021.10.06"]
[SourceVersion "1"]
[SourceVersionDate "2021.10.06"]
[SourceQuality "1"]

1. c4 c6 2. Nc3 d5 3. cxd5 cxd5 4. d4 Nc6 5. Bf4 Nf6 6. e3 e6 7. a3 Bd6 8. Bxd6 Qxd6 9. Nf3 0-0 10. Bb5 Bd7 11. 0-0 a6 12. Bd3 b5 13. b4 Rfc8 14. Qb3 e5 15. dxe5 Nxe5 16. Nxe5 Qxe5 17. Ne2 Be6 18. Nd4 Ng4 19. Nf3 Qd6 20. Qb1 h6 21. h3 Nf6 22. Bf5 Rc3 23. Rd1 Rac8 24. Nd4 Qe5 25. Bxe6 fxe6 26. Qb2 Qd6 27. Rac1 R3c4 28. Nf3 Qc7 29. Rxc4 dxc4 30. Qe5 Qxe5 31. Nxe5 Nd5 32. Rc1 Ra8 33. Nc6 Rc8 34. Ne5 Rd8 35. Nc6 Rd6 36. Nd4 Nb6 37. Kf1 e5 38. Nf3 Rd3 39. Ra1 e4 40. Nd4 c3 41. Rc1 Nc4 42. Ra1 Kh7 43. Ke1 Nb6 44. Ne2 Nd7 45. Rd1 c2 46. Rxd3 exd3 47. Nc1 Ne5 48. Kd2 Kg6 49. f4 Nc4+ 50. Kxd3 Nxa3 51. e4 Nc4 52. g4 h5 53. Kxc2 hxg4 54. hxg4 Ne3+ 55. Kd3 Nxg4 56. Nb3 Kf6 57. Nc5 Ke7 58. Nxa6 Kd6 59. Kd4 Nh6 60. e5+ Kc6 61. Nc5 Nf5+ 62. Ke4 Ne7 63. f5 Nd5 64. e6 Ne7 65. Ke5 Nd5 66. Nd3 Ne7 67. Nf4 Kb7 68. Nd5 Nc6+ 69. Kd6 Nd4 70. Ne3 Nc6 71. e7 1-0

[Event "Tuimazy RB-ch 00/01"]
[Site "Tuimazy"]
[Date "2015.08.18"]
[Round "6"]
[White "Zelenov, Aleksey"]
[Black "Petrov, Danil"]
[Result "1/2-1/2"]
[WhiteElo "1845"]
[BlackElo "1812"]
[PlyCount "82"]
[EventDate "2015.08.18"]
[EventType "tourn"]
[EventRounds "9"]
[EventCountry "RUS"]
[SourceTitle "EXT 2022"]
[Source "ChessBase"]
[SourceDate "2021.10.06"]
[SourceVersion "1"]
[SourceVersionDate "2021.10.06"]
[SourceQuality "1"]

1. e4 c5 2. Nf3 e6 3. c3 Nc6 4. d4 d5 5. exd5 exd5 6. Bb5 Bd6 7. 0-0 Nge7 8. Be3 Qb6 9. dxc5 Bxc5 10. Bxc5 Qxc5 11. Bd3 0-0 12. Nbd2 Ng6 13. Nb3 Qd6 14. Nbd4 Bg4 15. Bf5 Nge5 16. Bxg4 Nxg4 17. h3 Nf6 18. Re1 Rfe8 19. Qb3 Qd7 20. Rad1 Rad8 21. Qa4 Qc7 22. Qc2 h6 23. Qb1 Qf4 24. Qd3 Qb8 25. Nh4 Qf4 26. Nhf3 Qb8 27. Nh4 Qf4 28. Nhf3 Qc7 29. Nh4 Qf4 30. Nhf3 Qc7 31. Nh4 Qa5 32. a3 Qc7 33. Nhf5 Nxd4 34. Nxd4 Qf4 35. Qf3 Qxf3 36. Nxf3 Kf8 37. Kf1 Rc8 38. Nd4 a6 39. Nf5 Rxe1+ 40. Rxe1 Rc7 41. Rd1 Rd7 1/2-1/2